000
00268nam a2200109Ia 4500
008
220204s9999 xx 000 0 und d
082
_a
374
_b
COO
100
_a
COOK, Glenn J
245
0
_a
Art of making people listen to you
260
_a
Delhi
_b
Vikas
_c
1967
942
_c
BK
999
_c
26392
_d
26392